000 00771nam a2200289Ia 4500
005 20260324112030.0
008 008 260324s9999 xx 000 0 eng d
020 _a9781003504870
037 _aEBOOK
040 _aCRL
040 _beng
040 _cCRL
041 _2eng
041 _aeng
084 _qCRL
100 _aIndranee Phookan Borooah; Bidita Das; Sabiha Alam Choudhury
_91141018
245 0 _aEnvironmental Intimacies from India’s North East
245 0 _bPsycho-Social Implications for Pro-Environment Behaviour
260 _bTaylor and Francis
260 _c2024
365 _a
365 _b220
856 _uhttp://www.taylorfrancis.com/books/9781003504870
942 _cEBOOK
999 _c1730057
_d1730057